[Event "Ekaterinburg UrFO-ch"]
[Site "Ekaterinburg"]
[Date "2008.03.19"]
[Round "5"]
[White "Kuznetsov, Aleksei"]
[Black "Gabdullin, Mikhail"]
[Result "1/2-1/2"]
[WhiteElo "1790"]
[BlackElo "2224"]
[PlyCount "56"]
[EventDate "2008.03.15"]
[EventType "swiss"]
[EventRounds "9"]
[EventCountry "RUS"]
[SourceTitle "EXT 2009"]
[Source "ChessBase"]
[SourceDate "2008.11.26"]
[SourceVersion "1"]
[SourceVersionDate "2008.11.26"]
[SourceQuality "1"]

1. e4 e6 2. d3 d5 3. Nd2 Nf6 4. Qe2 Be7 5. g3 c5 6. Bg2 Nc6 7. Ngf3 0-0 8. 0-0 b5 9. a4 b4 10. Re1 Ba6 11. b3 Re8 12. Bb2 Rc8 13. h3 Na5 14. Ne5 Qc7 15. Ng4 d4 16. Nxf6+ Bxf6 17. e5 Be7 18. f4 Bb7 19. Ne4 Bxe4 20. Bxe4 f5 21. exf6 Bxf6 22. Qh5 g6 23. Qg4 Nc6 24. Bxc6 Qxc6 25. Re4 Re7 26. Rae1 Rce8 27. Bc1 Qd5 28. Qe2 Kf7 1/2-1/2